ბათუმის შოთა რუსთაველის სახელმწიფო უნივერსიტეტის ბიბლიოთეკა

სამოქალაქო საპროცესო სამართალი. ნაწ. 1 / (ბიბ.ჩანაწერი № 56558)

000 -ლიდერი
ფიქსირებული სიგრძის საკონტროლო ველი 01363nam a2200253Ia 4500
001 - საკონტროლო ნომერი
საკონტროლო ველი 23672
003 - საკონტროლო ნომრის იდენტიფიკატორი
საკონტროლო ველი GE_BSU
005 - ბოლო ოპერაციის თარიღი და დრო
საკონტროლო ველი 20250624115133.0
008 - ფიქსირებული სიგრძის მონაცემთა ელემენტები - ზოგადი ინფორმაცია
ფიქსირებული სიგრძის საკონტროლო ველი 181216s2014||||ge |||||||||||||| ||geo||
040 ## - კატალოგიზაციის წყარო
Transcribing agency GE_BSU
041 ## - ენის კოდი
Language code of text/sound track or separate title geo
080 ## - უნივერსალური ათობითი კლასიფიკაციის ინდექსი
Universal Decimal Classification number 347.9(479.22) ს-23
245 ## - ცნობა სათაურის შესახებ
Title სამოქალაქო საპროცესო სამართალი. ნაწ. 1 /
Statement of responsibility, etc თენგიზ ლილუაშვილი, გია ლილუაშვილი, ვალერი ხრუსტალი,ზურაბ ძლიერიშვილი, რედ.თეიმურაზ თოდრია.
264 ## - წარმოების, გამოცემის, დისტრიბუციის და სხვა ცნობები
გამოცემის, წარმოების, დისტრიბუციის... ადგილი თბილისი :
გამოცემის, წარმოების, დისტრიბუციის... სახელწოდება სამართალი,
გამოცემის, წარმოების, დისტრიბუციის... თარიღი 2014.
300 ## - ფიზიკური აღწერა
Extent 372 გვ .:
Other physical details 23სმ.
653 ## - INDEX TERM--UNCONTROLLED
Uncontrolled term The civil procedural right. eng
653 ## - INDEX TERM--UNCONTROLLED
Uncontrolled term სამართალი
653 ## - INDEX TERM--UNCONTROLLED
Uncontrolled term სამოქალაქო საპროცესო სამართალი. ნაწ. 1
653 ## - INDEX TERM--UNCONTROLLED
Uncontrolled term საქართველოს სამოქალაქო საპროცესო სამართალი.
700 ## - ADDED ENTRY--PERSONAL NAME
Personal name ლილუაშვილი, თენგიზ
9 (RLIN) 16901
700 ## - ADDED ENTRY--PERSONAL NAME
Personal name ლილუაშვილი, გია
Relator term და სხვ.
9 (RLIN) 25488
700 ## - ADDED ENTRY--PERSONAL NAME
Personal name თოდრია, თემიურაზ
Relator term რედაქტორი
9 (RLIN) 25489
942 ## - ADDED ENTRY ELEMENTS (KOHA)
Koha item type წიგნი
Source of classification or shelving scheme
ეგზემპლარები
ჩამოწერის სტატუსი დაკარგული ეგზემპლარის სტატუსი კლასიფიკაციის წყარო ან თაროზე გაწყობის სქემა დაზიანების სტატუსი არ გაიცემა მუდმივი მდებარეობა (დაცვის ადგილი) ამჟამინდელი ადგილსამყოფელი თაროზე განთავსების ადგილი შეძენის თარიღი ღირებულება, შესყიდვის ნორმალური ფასი სრული შენახვის შიფრი შტრიხკოდი ბოლო ოპერაციის თარიღი ეგზემპლარის მიმდევრობითი ნომერი (კეტერი?) ფასის ძალაში შესვლის თარიღი ეგზემპლარის სახეობა საჯარო შენიშვნა
          ბათუმის შოთა რუსთაველის სახელმწიფო უნივერსიტეტის მთავარი ბიბლიოთეკა ბათუმის შოთა რუსთაველის სახელმწიფო უნივერსიტეტის მთავარი ბიბლიოთეკა წიგნსაცავი 2018-12-17 15.00 347.9(479.22) ს-23 28488 2018-12-17 28488 2018-12-17 წიგნი 15.00